Statistics for Former National Capitals #3

Click here to take the quiz!

General Stats

  • This quiz has been taken 19 times
  • The average score is 7 of 17

Answer Stats

CountryCapitalYears Served% Correct
TanzaniaDar es Salaam1964-1996
93%
TanganyikaDar es Salaam1961-1964
80%
BurundiBujumbura1962-2018
73%
ZanzibarZanzibar City1856-1964
73%
AksumAksum50-890
40%
UgandaEntebbe1894-196
40%
AbyssiniaGondar1635-1879
40%
Northern RhodesiaLivingstone1911-1935
33%
Northwestern RhodesiaLivingstone1907-1911
33%
NyasalandZomba1893-1975
33%
Congo Free StateBoma1886-1926
27%
Northeastern RhodesiaFort Jameson1899-1911
20%
Northwestern RhodesiaKalomo1899-1907
20%
AbyssiniaDebre Berhan1456-1475
13%
Portuguese MozambiqueIsland of Mozambique1498-1898
13%
KanemNjimi1021-1396
13%
German Southwest AfricaOtjimbingwe1886-1892
13%

Score Distribution

Percentile by Number Answered

Percent of People with Each Score

Your Score History

You have not taken this quiz